Films de Clint Eastwood par images - Mort Subite - Statistiques

Statistiques générales
  • Ce quiz a été pris 249 fois
  • Le résultat moyen est 4 sur 8
Answers on the Grid
Answers color-coded by a green-red scale on the quiz's grid according to % correct below.
 
Statistiques - réponses
Réponse % Correct
Million Dollar Baby
92%
American Sniper
67%
Mystic River
56%
Juré n°2
52%
Le Cas Richard Jewell
47%
L'échange
44%
J Edgar
42%
Bird
33%
Aucun quiz correspondant
Distribution des résultats
% des personnes avec chaque résultat
Percentile par nombre de réponses
Votre historique - résultats
Vous n’avez pas pris ce quiz